000
00317pam a2200133 a 4500
020
_c
041
_h
082
_a
614
_b
WHO
100
_a
James Atkinson.
245
_a
Natural Ventilation for Infection Control in Health-care Settings
_h
Textual Documents
260
_b
W.H.O.
_c
2009
300
_a
106.
930
_a
9888
999
_c
9881
_d
9881